000
00282nam a2200097Ia 4500
008
220204s9999 xx 000 0 und d
082
_a
NR:338.45
_b
IND
245
0
_a
Industrial seminar group discussion notes: Rubber based industries
260
_a
RRIM
_b
Kuala Lumpur
_c
1980
942
_c
BK
999
_c
43730
_d
43730